000 01088nam a2200217Ia 4500
999 _c38349
_d38349
001 4359
003 GE_BSU
005 20191015161305.0
008 181216s1983||||ge |||||||||||||| ||geo||
040 _cGE_BSU
041 _ageo
080 _a1+172 ფ–56
245 _aფილოსოფიური ანთროპოლოგიის საკითხები :
_bნაწ. VII.სტატიების კრებული /
_cრედ. დ. ქერქაძე.
264 _a თბ. :
_bმეცნიერება,
_c1983.
300 _a94 გვ.;
_b22 სმ.
500 _aეძღვნება აკად. ანგია ბოჭორიშვილის ნათელ ხსოვნას.
653 _aფილოსოფიური ანთროპოლოგიის საკითხები. ნაწ. VII.
700 _aქერქაძე, დ.
_eრედაქტორი
_93560
710 _aსაქ. სსრ მეცნ. აკად., ფილოსოფიის ინ-ტი.
_94728
942 _cBK
_2udc